00295 2200133 4500001002100000005001500021035002000036245004600056300000700102260002000109082000800129084001200137990001200149INLIS00000000000241220250528122850 a0010-0525000704 aCinta Al-Quran? Gue Banget /cSiti Reedha a76 bGramedia,c2007 a813 a813 CIN a0713429